Waitress / (Record no. 55619)

MARC details
000 -LEADER
fixed length control field 03278ngm a2200469 4500
001 - CONTROL NUMBER
control field DVD-007819-7827
003 - CONTROL NUMBER IDENTIFIER
control field dpl
005 - DATE AND TIME OF LATEST TRANSACTION
control field 20110818150426.0
006 - FIXED-LENGTH DATA ELEMENTS--ADDITIONAL MATERIAL CHARACTERISTICS--GENERAL INFORMATION
fixed length control field a|||||r|||||00| 0
007 - PHYSICAL DESCRIPTION FIXED FIELD--GENERAL INFORMATION
fixed length control field DVD
008 - FIXED-LENGTH DATA ELEMENTS--GENERAL INFORMATION
fixed length control field ||||||sp199 xxu|||||c|||| 00| 0 eng d
010 ## - LIBRARY OF CONGRESS CONTROL NUMBER
LC control number DVD-007819-7827
024 ## - OTHER STANDARD IDENTIFIER
Standard number or code DVD 36657
Terms of availability 399.00
035 ## - SYSTEM CONTROL NUMBER
System control number DVD-007819-7827
037 ## - SOURCE OF ACQUISITION
Source of stock number/acquisition Pioneers Office Automation
040 ## - CATALOGING SOURCE
Original cataloging agency DPL
Transcribing agency DPL
082 ## - DEWEY DECIMAL CLASSIFICATION NUMBER
Classification number DVD / WAIT
245 ## - TITLE STATEMENT
Title Waitress /
Statement of responsibility, etc A film by Adrienne Shelly
Medium [videorecording] DVD/
260 ## - PUBLICATION, DISTRIBUTION, ETC. (IMPRINT)
Name of publisher, distributor, etc Excel Home Videos
Place of publication, distribution, etc Mumbai
300 ## - PHYSICAL DESCRIPTION
Extent 1 videodisc DVD (103 Min.)
Other physical details sd., col. ;
Dimensions 4 3/4 in.
Type of unit DVD
306 ## - PLAYING TIME
Playing time 103 Min.
500 ## - GENERAL NOTE
General note The year's most delicious romantic comedy
538 ## - SYSTEM DETAILS NOTE
System details note Dolby Digital 5.1-English Subtitles: English
538 ## - SYSTEM DETAILS NOTE
System details note Aspect Ratio: 1.85:1, Presentation type: Wide Screen, Presentation Size 16x9 Format DVD 9 Dual Layer Single Sided Disc.
650 ## - SUBJECT ADDED ENTRY--TOPICAL TERM
Topical term or geographic name as entry element Motion Picture
9 (RLIN) 33058
700 ## - ADDED ENTRY--PERSONAL NAME
Personal name Shelly, Adrienne
9 (RLIN) 33059
700 ## - ADDED ENTRY--PERSONAL NAME
Personal name Russel, Keri
9 (RLIN) 33060
700 ## - ADDED ENTRY--PERSONAL NAME
Personal name Fillion, Nathan
9 (RLIN) 33061
700 ## - ADDED ENTRY--PERSONAL NAME
Personal name Hines, Cheryl
9 (RLIN) 33062
700 ## - ADDED ENTRY--PERSONAL NAME
Personal name Shelly, Adrienne
9 (RLIN) 33063
942 ## - ADDED ENTRY ELEMENTS (KOHA)
Item type CD-ROMs, DVDs, VHS
Source of classification or shelving scheme Dewey Decimal Classification
Classification part DVD
Call number suffix WAIT
Holdings
Withdrawn status Lost status Source of classification or shelving scheme Damaged status Not for loan Collection code Home library Current library Shelving location Date acquired Source of acquisition Cost, normal purchase price Total Checkouts Full call number Barcode Date last seen Date last borrowed Copy number Cost, replacement price Price effective from Koha item type Total Renewals
    Dewey Decimal Classification       Bawana Bawana   19/01/2012 Pioneers Office Automation/157/19.5.11/295/28.3.11/14.7.11 399.00 3 DVD WAIT DVD-007825 18/11/2014 15/11/2014 1 399.00 19/01/2012 CD-ROMs, DVDs, VHS  
    Dewey Decimal Classification     Fiction Central Library Central Library Fiction 19/08/2011 Pioneers Office Automation/157/19.5.11/295/28.3.11/14.7.11 399.00 22 DVD WAIT DVD-007819 17/03/2017 01/03/2017 1 399.00 19/08/2011 CD-ROMs, DVDs, VHS  
    Dewey Decimal Classification     Fiction Janak Puri Janak Puri   19/08/2011 Pioneers Office Automation/157/19.5.11/295/28.3.11/14.7.11 399.00 12 DVD WAIT DVD-007821 19/05/2014 07/05/2014 1 399.00 19/08/2011 CD-ROMs, DVDs, VHS 1
    Dewey Decimal Classification     Fiction Narela Narela   19/08/2011 Pioneers Office Automation/157/19.5.11/295/28.3.11/14.7.11 399.00 2 DVD WAIT DVD-007826 05/01/2014 04/01/2014 1 399.00 19/08/2011 CD-ROMs, DVDs, VHS  
    Dewey Decimal Classification     Fiction Patel Nagar Patel Nagar   19/08/2011 Pioneers Office Automation/157/19.5.11/295/28.3.11/14.7.11 399.00 8 DVD WAIT DVD-007820 19/07/2014 05/12/2013 1 399.00 19/08/2011 CD-ROMs, DVDs, VHS  
    Dewey Decimal Classification     Fiction R.K.Puram-8 R.K.Puram-8   19/08/2011 Pioneers Office Automation/157/19.5.11/295/28.3.11/14.7.11 399.00 1 DVD WAIT DVD-007823 09/04/2012 22/03/2012 1 399.00 19/08/2011 CD-ROMs, DVDs, VHS  
    Dewey Decimal Classification     Fiction Sarojini Nagar Sarojini Nagar   19/08/2011 Pioneers Office Automation/157/19.5.11/295/28.3.11/14.7.11 399.00 28 DVD WAIT DVD-007822 20/06/2018 06/06/2018 1 399.00 19/08/2011 CD-ROMs, DVDs, VHS 2
    Dewey Decimal Classification     Fiction Shahdara Branch Shahdara Branch   19/08/2011 Pioneers Office Automation/157/19.5.11/295/28.3.11/14.7.11 399.00   DVD WAIT DVD-007827 19/08/2011   1 399.00 19/08/2011 CD-ROMs, DVDs, VHS  
    Dewey Decimal Classification     Fiction Vinoba Puri Vinoba Puri   19/08/2011 Pioneers Office Automation/157/19.5.11/295/28.3.11/14.7.11 399.00 7 DVD WAIT DVD-007824 22/10/2013 28/09/2013 1 399.00 19/08/2011 CD-ROMs, DVDs, VHS  

© Delhi Public Library
Hit Counter
free hit counter